000 00724nam a2200205Ia 4500
001 15239
003 GE_BSU
008 181216s||||||||xx |||||||||||||| ||und||
040 _cGE_BSU
080 _a821.133.1-32
100 _aჩიქოვანი,გრიგოლ
245 _aთხზულებანი ორ ტომად. მოთხრობები.ტ.1
245 _cრედ.ლ.ნანიტაშვილი. მხატვ.ო.ჯიშკარიანი
260 _aთბილისი
260 _bსაბჭოთა საქართველო
260 _c1971
300 _a626გვ.ფოტო.20სმ.
653 _aთხზულებანი
942 _cBK
999 _c48351
_d48351